000 00492nam a2200217Ia 4500
003 OSt
005 20220924142634.0
006 a|||||r|||| 00| 0
007 ta
008 ASM
024 _a302765
037 _cTextual
040 _aARTS
_cARTS
_bASM
041 _2ASM
_aASM
082 _aO33,3xN, O158M1
245 0 _aGangwa gangamai
260 _c1981
650 _aASSAMESE LITERATURE
_911738
942 _hO33,3xN, O158M1
_cTEXL
_2CC
999 _c451437
_d451437